00990nam a2200181 a 4500008004100000050001500041100002800056245004200084246005300126260002800179300002200207350000900229995014100238995015000379999001700529952013100546952013100677120416s1960 ||||||||||||||||| || u aTA 462 Eva aEvans, Ulick Richardson14aThe corrosion and oxidation of metals ascientific principles and practical applications aLondonbE. Arnoldc1960 axi, 1094p. : ill. a0.00 aBINDERY (DAMAGED)D0.00e715446FCBU-MAIN LIBRARY (Kitwe)H2I14.50jTA 462 EvaM1UDAMAGEDy014724ZMain Library Open Access Collection aMAIN LIBRARY OPEN ACCESSD0.00e716560FCBU-MAIN LIBRARY (Kitwe)H1I14.50jTA 462 EvaM2UAVAILABLEy018812ZMain Library Open Access Collection c62536d62536 00102lcc4070a001b001cMain Library Open Access Collectiond2022-12-13l0oTA 462 Evap014724r2022-12-13w2022-12-13y002 00102lcc4070a001b001cMain Library Open Access Collectiond2022-12-13l0oTA 462 Evap018812r2022-12-13w2022-12-13y002